Xây dựng đạo đức mới trong nền kinh tế thị trường định hướng xã hội chủ nghĩa

Phân tích tác động của kinh tế thị trường đối với sự biến đổi đạo đức xã hội. Xác định nội dung các chuẩn mực đạo đức mới. Thực trạng đạo đức xã hội ở nước ta hiện nay, từ đó đề xuất những giải pháp có tính định hướng để xa...

Descripción completa

Guardado en:
Detalles Bibliográficos
Autor principal: Trịnh, Duy Huy
Formato: Libro
Lenguaje:Undetermined
Publicado: Hà Nội Chính trị Quốc gia 2009
Materias:
Etiquetas: Agregar Etiqueta
Sin Etiquetas, Sea el primero en etiquetar este registro!
Thư viện lưu trữ: Trung tâm Học liệu Trường Đại học Cần Thơ
LEADER 01137nam a2200205Ia 4500
001 CTU_148103
008 210402s9999 xx 000 0 und d
020 |c 30000 
082 |a 170 
082 |b H523 
100 |a Trịnh, Duy Huy 
245 0 |a Xây dựng đạo đức mới trong nền kinh tế thị trường định hướng xã hội chủ nghĩa 
245 0 |c Trịnh Duy Huy 
260 |a Hà Nội 
260 |b Chính trị Quốc gia 
260 |c 2009 
520 |a Phân tích tác động của kinh tế thị trường đối với sự biến đổi đạo đức xã hội. Xác định nội dung các chuẩn mực đạo đức mới. Thực trạng đạo đức xã hội ở nước ta hiện nay, từ đó đề xuất những giải pháp có tính định hướng để xây dựng đạo đức mới trong điều kiện kinh tế thị trường ở Việt Nam. 
650 |a Ethics,Đạo đức 
904 |i Nguyên 
980 |a Trung tâm Học liệu Trường Đại học Cần Thơ